000 00864nam a2200289Ia 4500
005 20220316235324.0
008 121119s2002 ck a jr 000 f spa
020 _a9583000949
041 0 _aspa
100 1 _aAmicis, Edmundo de,
_d1846-1908
245 1 0 _aCorazón
_cEdmundo de Amicis
250 _aPrimera edición
264 1 _aBogotá
_bPanamericana
_c2002
300 _a352 páginas
_bilustraciones
_c20 cm.
336 _atexto
_btxt
_2rdacontent
337 _asin mediación
_bn
_2rdamedia
338 _avolumen
_bnc
_2rdacarrier
490 0 _aLiteratura juvenil
650 1 4 _2LEMB
_aNovela italiana
_ySiglo XIX
650 1 4 _2LEMB
_aVida escolar
_vNovela
650 1 4 _2LEMB
_aMaestros
_vNovela
650 1 4 _2LEMB
_aLiteratura juvenil
650 1 4 _2LEMB
_aFamilia
_vNovela
942 _2loc
_cBKLIT
040 _aCO-BoRNBP
_bspa
_erda
_cCO-BoRNBP
084 _aN AMI1
999 _c598
_d598